书目信息 |
| 题名: |
水果的食疗与保健
|
|
| 作者: | 张天安 主编 | |
| 分册: | ||
| 出版信息: | 天津 天津科技翻译出版公司 2001 |
|
| 页数: | 360页 | |
| 开本: | 20cm | |
| 丛书名: | 健康之友丛书 | |
| 单 册: | ||
| 中图分类: | R247.1 , TS972.123 | |
| 科图分类: | ||
| 主题词: | 水果--食物疗法 , 水果--保健--食谱--中国 , 水果 , 食物疗法 , 保健 , 食谱 | |
| 电子资源: | ||
| ISBN: | 7-5433-1288-3 | |
| 000 | 00949oam2 2200313 450 | |
| 001 | 1571387506 | |
| 005 | 20150129195023.65 | |
| 010 | @a7-5433-1288-3@dCNY12.00 | |
| 100 | @a20010517d2001 em y0chiy0110 ea | |
| 101 | 0 | @achi |
| 102 | @aCN@b120000 | |
| 105 | @ay z 000yy | |
| 200 | 1 | @a水果的食疗与保健@9shui guo de shi liao yu bao jian@f张天安主编 |
| 210 | @a天津@c天津科技翻译出版公司@d2001 | |
| 215 | @a360页@d20cm | |
| 225 | 2 | @a健康之友丛书 |
| 330 | @a本书向读者介绍了日常水果的营养保健作用,各种鲜为人知的水果食疗方法,各种简便易行的水果保健饮食,以及一些常见病的日常饮食保健注意事项。 | |
| 461 | 0 | @12001 @a健康之友丛书 |
| 606 | 0 | @a水果@x食物疗法 |
| 606 | 0 | @a水果@x保健@x食谱@y中国 |
| 606 | 0 | @a水果 |
| 606 | 0 | @a食物疗法 |
| 606 | 0 | @a保健 |
| 606 | 0 | @a食谱 |
| 690 | @aR247.1@v5 | |
| 690 | @aTS972.123@v5 | |
| 701 | 0 | @a张天安@9zhang tian an@4主编 |
| 801 | 0 | @aCN@bTSSF@c20150129 |
| 905 | @aZUCC@dR247.1@eJY209 | |
| 水果的食疗与保健/张天安主编.-天津:天津科技翻译出版公司,2001 |
| 360页;20cm.-(健康之友丛书) |
| ISBN 7-5433-1288-3:CNY12.00 |
| 本书向读者介绍了日常水果的营养保健作用,各种鲜为人知的水果食疗方法,各种简便易行的水果保健饮食,以及一些常见病的日常饮食保健注意事项。 |
| ● |
| 相关链接 |
|
|
|
|
正题名:水果的食疗与保健
索取号:R247.1/JY209
 
预约/预借
| 序号 | 登录号 | 条形码 | 馆藏地/架位号 | 状态 | 备注 |
| 1 | 7862860 | 278628601 | 学院路分馆/ [索取号:R247.1/JY209] | 在馆 | |
| 2 | 7862861 | 278628610 | 学院路分馆/ [索取号:R247.1/JY209] | 在馆 |